Simple quantum physics /

Bibliographic Details
Main Author: Landshoff, Peter, 1937-
Other Authors: Metherell, Allen, 1937-
Format: Book
Language:English
Published: Cambridge [England] ; New York : Cambridge University Press, 1979.
Subjects:

MARC

Tag First Indicator Second Indicator Subfields
LEADER 00000pam a2200000 i 4500
001 in00000082605
005 20151008053051.0
008 781117s1979 enka 00110 eng
010 |a  78073244  
020 |a 0521224985 
020 |a 0521295386 (pbk.) 
035 |a (OCoLC)04492305 
035 |9 AAH6077AM 
040 |a DLC  |c DLC  |d TXA  |d UtOrBLW 
049 |a TXAM  |c [1160040] 
050 0 0 |a QC174.12  |b .L37 
082 0 |a 530.1/2 
100 1 |a Landshoff, Peter,  |d 1937- 
245 1 0 |a Simple quantum physics /  |c Peter Landshoff, Allen Metherell. 
264 1 |a Cambridge [England] ;  |a New York :  |b Cambridge University Press,  |c 1979. 
300 |a viii, 177 pages :  |b illustrations ;  |c 24 cm. 
336 |a text  |b txt  |2 rdacontent 
337 |a unmediated  |b n  |2 rdamedia 
338 |a volume  |b nc  |2 rdacarrier 
500 |a Includes index. 
650 0 |a Quantum theory. 
700 1 |a Metherell, Allen,  |d 1937- 
999 |a MARS 
999 f f |s e72ca46a-5831-3908-bfcd-e2d502ac980b  |i b0c704a1-d99f-38a7-8fbb-64a825b862b1  |t 0 
952 f f |p normal  |a Texas A&M University  |b College Station  |c Sterling C. Evans Library  |d Evans: Library Stacks  |t 0  |e QC174.12 .L37  |h Library of Congress classification  |i unmediated -- volume  |m A14804608899 
998 f f |a QC174.12 .L37  |t 0  |l Evans: Library Stacks